Technologia tworzyw sztucznych : Skrypt dla studentow wyzszych szkol technicznych do przedmiotu:Chemia i technologia polimerów /
Uložené v:
| Hlavní autori: | , |
|---|---|
| Médium: | Kniha |
| Vydavateľské údaje: |
kraków :
Wyd.Politech.Krakowskiej,
1983
|
| Vydanie: | 2.uzupelnione wyd. |
| Tagy: |
Žiadne tagy, Buďte prvý, kto otaguje tento záznam!
|
MARC
| LEADER | 00000nam a22000003a 4500 | ||
|---|---|---|---|
| 001 | stu20101 | ||
| 005 | 20150617225753.5 | ||
| 008 | ------s1983----pl----------------------d | ||
| 040 | |a STU |b slo | ||
| 041 | 0 | ||
| 044 | |a pl | ||
| 080 | |a 541.64 | ||
| 080 | |a 678 | ||
| 100 | 1 | |a Pielichowski, Jan |4 aut | |
| 245 | 1 | |a Technologia tworzyw sztucznych : |b Skrypt dla studentow wyzszych szkol technicznych do przedmiotu:Chemia i technologia polimerów / |c [aut.]Pielichowski,Jan, Puszynski,Andrzej | |
| 250 | |a 2.uzupelnione wyd. | ||
| 260 | |a kraków : |b Wyd.Politech.Krakowskiej, |c 1983 | ||
| 300 | |a 292 s | ||
| 700 | 1 | |a Puszynski, Andrzej |4 aut | |
| 996 | |b C79322 |c C*79322 |l CCXXIVA |s P |a 0 |w stu20101_0001 | ||